Football - Meilleurs passeurs en Champions League (Expert) - Statistiques

Statistiques générales
  • Ce quiz a été pris 114 fois
  • Le résultat moyen est 26 sur 43
Statistiques - réponses
Nom Pays Passes % Correct
1 Cristiano Ronaldo Portugal 48
100%
3 Lionel Messi Argentine 45
99%
7 Neymar Brésil 37
92%
- Luka Modrić Croatie 20
86%
8 Thomas Müller Allemagne 34
86%
14 Andrés Iniesta Espagne 29
85%
4 Ángel Di María Argentine 42
85%
10 Xavi Espagne 31
85%
12 Zinédine Zidane France 30
83%
Luis Suárez Uruguay 25
82%
16 Kevin De Bruyne Belgique 28
80%
- Kylian Mbappé France 27
80%
- Zlatan Ibrahimović Suède 29
80%
- Robert Lewandowski Pologne 26
79%
2 Ryan Giggs Pays de Galles 46
78%
- Thierry Henry France 24
77%
- Karim Benzema France 30
75%
- Arjen Robben Pays-Bas 23
74%
- Samuel Eto'o Cameroun 20
74%
6 Luís Figo Portugal 38
72%
- Wayne Rooney Angleterre 21
72%
- Toni Kroos Allemagne 31
71%
- Franck Ribéry France 28
68%
5 David Beckham Angleterre 38
64%
36 Pavel Nedved Tchèquie 21
64%
24 Frank Lampard Angleterre 25
55%
Kaká Brésil 25
51%
21 Mesut Özil Allemagne 26
47%
9 Raúl Espagne 32
44%
Vinicius Brésil 25
43%
- Alessandro Del Piero Italie 23
37%
35 Deco Portugal 22
30%
28 Marcelo Brésil 24
30%
- Dani Alves Brésil 26
29%
- Johan Cruyff Pays-Bas 20
29%
- Roberto Carlos Brésil 27
29%
- Cesc Fàbregas Espagne 24
26%
31 Joshua Kimmich Allemagne 23
26%
18 Clarence Seedorf Pays-Bas 27
23%
- Marco Reus Allemagne 20
23%
- Raheem Sterling Angleterre 23
17%
38 Florent Malouda France 20
11%
- Juninho Brésil 20
8%
Aucun quiz correspondant
Distribution des résultats
% des personnes avec chaque résultat
Percentile par nombre de réponses
Votre historique - résultats
Vous n’avez pas pris ce quiz